[Event "Russian Championship (Rapid, Men)"]
[Site "Sochi"]
[Date "2018.10.05"]
[Round "3.28"]
[White "Khanin, Semen"]
[Black "Temirkanov, David"]
[Result "1-0"]
[BlackElo "2236"]
[WhiteElo "2523"]
[LiveChessVersion "1.4.8"]

1. e4 {[%clk 0:15:18]} c6 {[%clk 0:15:16]} 2. d4 {[%clk 0:15:26]} d5
{[%clk 0:15:22]} 3. Nd2 {[%clk 0:15:35]} dxe4 {[%clk 0:15:28]} 4. Nxe4
{[%clk 0:15:43]} Nf6 {[%clk 0:15:35]} 5. Nxf6+ {[%clk 0:15:51]} exf6
{[%clk 0:15:44]} 6. c3 {[%clk 0:16:00]} Bd6 {[%clk 0:15:47]} 7. Bd3
{[%clk 0:16:08]} O-O {[%clk 0:15:49]} 8. Ne2 {[%clk 0:16:16]} Re8
{[%clk 0:15:46]} 9. Qc2 {[%clk 0:16:24]} f5 {[%clk 0:15:17]} 10. Bxf5
{[%clk 0:14:16]} Bxf5 {[%clk 0:15:26]} 11. Qxf5 {[%clk 0:14:24]} Nd7
{[%clk 0:15:35]} 12. Qf3 {[%clk 0:13:46]} Qe7 {[%clk 0:12:03]} 13. Be3
{[%clk 0:13:18]} Nb6 {[%clk 0:12:08]} 14. b3 {[%clk 0:13:27]} Nd5
{[%clk 0:12:08]} 15. Bd2 {[%clk 0:13:36]} a5 {[%clk 0:09:30]} 16. Kf1
{[%clk 0:13:13]} a4 {[%clk 0:09:29]} 17. Re1 {[%clk 0:13:00]} axb3
{[%clk 0:09:01]} 18. axb3 {[%clk 0:13:06]} Qd7 {[%clk 0:06:07]} 19. h3
{[%clk 0:12:21]} Ra2 {[%clk 0:05:58]} 20. Qd3 {[%clk 0:12:28]} h6
{[%clk 0:04:59]} 21. g3 {[%clk 0:12:32]} Rb2 {[%clk 0:03:33]} 22. Rb1
{[%clk 0:09:53]} Rxd2 {[%clk 0:02:01]} 23. Qxd2 {[%clk 0:09:53]} Qf5
{[%clk 0:02:09]} 24. Rd1 {[%clk 0:09:17]} Qf3 {[%clk 0:02:04]} 25. Rg1
{[%clk 0:07:37]} Ne3+ {[%clk 0:01:57]} 26. Ke1 {[%clk 0:07:46]} Nxd1
{[%clk 0:00:39]} 27. Kxd1 {[%clk 0:07:55]} Qxf2 {[%clk 0:00:44]} 28. Re1
{[%clk 0:08:04]} Qf3 {[%clk 0:00:38]} 29. Kc2 {[%clk 0:08:09]} Qe4+
{[%clk 0:00:32]} 30. Qd3 {[%clk 0:07:46]} Bxg3 {[%clk 0:00:27]} 31. Qxe4
{[%clk 0:07:55]} Rxe4 {[%clk 0:00:36]} 32. Kd3 {[%clk 0:08:04]} Bxe1
{[%clk 0:00:16]} 33. Kxe4 {[%clk 0:08:12]} Kf8 {[%clk 0:00:23]} 34. c4
{[%clk 0:08:08]} Ke7 {[%clk 0:00:27]} 35. Nf4 {[%clk 0:08:11]} g6
{[%clk 0:00:22]} 36. Nd3 {[%clk 0:08:19]} Bc3 {[%clk 0:00:12]} 37. Nc5
{[%clk 0:08:14]} b6 {[%clk 0:00:13]} 38. Na4 {[%clk 0:08:03]} Ba5
{[%clk 0:00:16]} 39. d5 {[%clk 0:08:09]} Kd6 {[%clk 0:00:19]} 40. dxc6
{[%clk 0:08:09]} Kxc6 {[%clk 0:00:28]} 41. Nb2 {[%clk 0:07:57]} Bc3
{[%clk 0:00:31]} 42. Nd3 {[%clk 0:08:05]} f5+ {[%clk 0:00:33]} 43. Ke3
{[%clk 0:07:59]} g5 {[%clk 0:00:38]} 44. b4 {[%clk 0:07:40]} Kd6 {[%clk 0:00:39]}
45. b5 {[%clk 0:07:46]} Ke6 {[%clk 0:00:31]} 46. Kf3 {[%clk 0:07:24]} Bd4
{[%clk 0:00:29]} 47. Nb4 {[%clk 0:07:29]} h5 {[%clk 0:00:29]} 48. Nd5
{[%clk 0:07:37]} g4+ {[%clk 0:00:35]} 49. hxg4 {[%clk 0:07:46]} hxg4+
{[%clk 0:00:42]} 50. Kf4 {[%clk 0:07:44]} Bc5 {[%clk 0:00:38]} 51. Nc7+
{[%clk 0:07:32]} Kf6 {[%clk 0:00:12]} 52. Nd5+ {[%clk 0:07:33]} Kg6
{[%clk 0:00:16]} 53. Ke5 {[%clk 0:07:23]} Kg5 {[%clk 0:00:17]} 54. Nf4
{[%clk 0:07:26]} Kh4 {[%clk 0:00:13]} 55. Kxf5 {[%clk 0:07:30]} g3
{[%clk 0:00:21]} 56. Ke4 {[%clk 0:07:16]} Kg4 {[%clk 0:00:25]} 57. Ng2
{[%clk 0:07:24]} Bf2 {[%clk 0:00:30]} 58. Nf4 {[%clk 0:07:33]} Bc5
{[%clk 0:00:27]} 59. Ng2 {[%clk 0:07:41]} Bf2 {[%clk 0:00:21]} 60. Nf4
{[%clk 0:07:49]} Bc5 {[%clk 0:00:24]} 61. Ng2 {[%clk 0:07:13]} Kh3
{[%clk 0:00:16]} 62. Kf3 {[%clk 0:07:18]} Kh2 {[%clk 0:00:24]} 63. Nf4
{[%clk 0:07:05]} Bf2 {[%clk 0:00:19]} 64. Ng2 {[%clk 0:06:59]} Bc5
{[%clk 0:00:14]} 65. Nf4 {[%clk 0:07:00]} Bd6 {[%clk 0:00:19]} 66. Ng2
{[%clk 0:07:05]} Kg1 {[%clk 0:00:17]} 67. Ne3 {[%clk 0:06:59]} Bc5
{[%clk 0:00:12]} 68. Nf5 {[%clk 0:07:01]} Kf1 {[%clk 0:00:12]} 69. Nxg3+
{[%clk 0:07:07]} Ke1 {[%clk 0:00:22]} 70. Ke4 {[%clk 0:06:49]} Kd2
{[%clk 0:00:21]} 71. Kd5 {[%clk 0:06:58]} Kc2 {[%clk 0:00:15]} 72. Ne4
{[%clk 0:06:58]} Be3 {[%clk 0:00:11]} 73. c5 {[%clk 0:02:48]} bxc5
{[%clk 0:00:13]} 74. b6 {[%clk 0:02:57]} c4 {[%clk 0:00:15]} 75. b7
{[%clk 0:03:06]} Ba7 {[%clk 0:00:19]} 76. Kxc4 {[%clk 0:03:14]} Kb2
{[%clk 0:00:16]} 77. Nc5 {[%clk 0:03:09]} Bb8 {[%clk 0:00:23]} 78. Na6
{[%clk 0:03:06]} Ba7 {[%clk 0:00:19]} 79. Nc5 {[%clk 0:01:34]} Bb8
{[%clk 0:00:27]} 80. Kb5 {[%clk 0:01:34]} Kc2 {[%clk 0:00:20]} 81. Na6
{[%clk 0:01:36]} Ba7 {[%clk 0:00:20]} 82. Nb4+ {[%clk 0:01:45]} Kb3
{[%clk 0:00:14]} 83. Nc6 {[%clk 0:01:53]} 1-0

[Event "Russian Championship (Rapid, Men)"]
[Site "Sochi"]
[Date "2018.10.05"]
[Round "3.30"]
[White "Chizhikov, Vladislav"]
[Black "Chekhov, Sergei"]
[Result "1-0"]
[BlackElo "2487"]
[WhiteElo "2276"]
[LiveChessVersion "1.4.8"]

1. e4 {[%clk 0:15:18]} c5 {[%clk 0:15:19]} 2. Nf3 {[%clk 0:15:25]} e6
{[%clk 0:15:28]} 3. b3 {[%clk 0:15:22]} b6 {[%clk 0:15:36]} 4. c4
{[%clk 0:15:17]} Bb7 {[%clk 0:15:41]} 5. Nc3 {[%clk 0:15:25]} a6 {[%clk 0:15:45]}
6. Bb2 {[%clk 0:15:20]} Qc7 {[%clk 0:15:42]} 7. Rc1 {[%clk 0:15:08]} d6
{[%clk 0:15:48]} 8. d4 {[%clk 0:15:08]} cxd4 {[%clk 0:15:53]} 9. Nxd4
{[%clk 0:15:15]} Nf6 {[%clk 0:15:35]} 10. Bd3 {[%clk 0:15:11]} Be7
{[%clk 0:15:07]} 11. O-O {[%clk 0:15:16]} Nbd7 {[%clk 0:11:45]} 12. Bb1
{[%clk 0:15:17]} Rc8 {[%clk 0:10:09]} 13. Qf3 {[%clk 0:14:44]} Ne5
{[%clk 0:09:01]} 14. Qh3 {[%clk 0:14:44]} g5 {[%clk 0:08:37]} 15. f4
{[%clk 0:13:42]} gxf4 {[%clk 0:08:26]} 16. Rxf4 {[%clk 0:13:50]} Rg8
{[%clk 0:08:13]} 17. Rcf1 {[%clk 0:13:37]} Rg6 {[%clk 0:08:18]} 18. Kh1
{[%clk 0:11:09]} Qb8 {[%clk 0:08:22]} 19. Nxe6 {[%clk 0:10:30]} fxe6
{[%clk 0:08:20]} 20. Qxe6 {[%clk 0:10:38]} Nfd7 {[%clk 0:05:58]} 21. Qh3
{[%clk 0:10:12]} Nf8 {[%clk 0:05:15]} 22. Nd5 {[%clk 0:10:08]} Bxd5
{[%clk 0:05:15]} 23. exd5 {[%clk 0:10:15]} Rg5 {[%clk 0:04:40]} 24. Bc1
{[%clk 0:05:49]} Rg8 {[%clk 0:04:02]} 25. Bf5 {[%clk 0:04:37]} Kd8
{[%clk 0:03:31]} 26. Be6 {[%clk 0:04:00]} Nxe6 {[%clk 0:02:54]} 27. Qxe6
{[%clk 0:03:49]} Re8 {[%clk 0:02:35]} 28. Re4 {[%clk 0:02:06]} Qc7
{[%clk 0:00:32]} 29. Be3 {[%clk 0:02:08]} Rb8 {[%clk 0:00:33]} 30. Bd4
{[%clk 0:01:41]} Qd7 {[%clk 0:00:23]} 31. Qh6 {[%clk 0:01:42]} Kc7
{[%clk 0:00:38]} 32. h3 {[%clk 0:01:41]} Bf8 {[%clk 0:00:31]} 33. Qe3
{[%clk 0:01:41]} Bg7 {[%clk 0:00:26]} 34. Re1 {[%clk 0:01:33]} Kb7
{[%clk 0:00:22]} 35. Bxb6 {[%clk 0:01:34]} Nxc4 {[%clk 0:00:30]} 36. bxc4
{[%clk 0:01:18]} Rxe4 {[%clk 0:00:39]} 37. Qxe4 {[%clk 0:01:27]} Kxb6
{[%clk 0:00:48]} 38. Qxh7 {[%clk 0:01:34]} Qc7 {[%clk 0:00:27]} 39. c5+
{[%clk 0:01:35]} dxc5 {[%clk 0:00:21]} 40. d6 {[%clk 0:01:44]} Qf7
{[%clk 0:00:30]} 41. Qb1+ {[%clk 0:01:31]} Kc6 {[%clk 0:00:11]} 42. Qxb8
{[%clk 0:01:36]} Bd4 {[%clk 0:00:15]} 43. Rb1 {[%clk 0:01:37]} c4
{[%clk 0:00:17]} 44. Qc7+ {[%clk 0:01:33]} Qxc7 {[%clk 0:00:26]} 45. dxc7
{[%clk 0:01:42]} Kxc7 {[%clk 0:00:36]} 46. Rb4 1-0

[Event "Russian Championship (Rapid, Men)"]
[Site "Sochi"]
[Date "2018.10.05"]
[Round "3.32"]
[White "Rakhmanov, Aleksandr"]
[Black "Remizov, Yaroslav"]
[Result "1/2-1/2"]
[BlackElo "2205"]
[WhiteElo "2688"]
[LiveChessVersion "1.4.8"]

1. c4 {[%clk 0:15:18]} Nf6 {[%clk 0:15:11]} 2. Nc3 {[%clk 0:15:26]} e6
{[%clk 0:15:08]} 3. e4 {[%clk 0:15:35]} d5 {[%clk 0:15:08]} 4. exd5
{[%clk 0:15:43]} exd5 {[%clk 0:15:16]} 5. d4 {[%clk 0:15:52]} Be7
{[%clk 0:14:58]} 6. Bd3 {[%clk 0:16:00]} Be6 {[%clk 0:14:57]} 7. cxd5
{[%clk 0:15:55]} Nxd5 {[%clk 0:15:04]} 8. Nge2 {[%clk 0:16:04]} Nc6
{[%clk 0:15:05]} 9. O-O {[%clk 0:15:38]} Qd7 {[%clk 0:14:51]} 10. a3
{[%clk 0:15:41]} O-O-O {[%clk 0:14:46]} 11. Be3 {[%clk 0:15:31]} Nxe3
{[%clk 0:11:46]} 12. fxe3 Bg5 13. Qc1 {[%clk 0:14:04]} Na5 {[%clk 0:11:24]} 14.
Bc2 {[%clk 0:13:02]} Rhe8 {[%clk 0:06:31]} 15. Ne4 {[%clk 0:12:34]} Bh6
{[%clk 0:06:28]} 16. Nf4 {[%clk 0:11:14]} Bc4 {[%clk 0:05:43]} 17. Rf2
{[%clk 0:06:48]} Qe7 {[%clk 0:04:26]} 18. Qe1 {[%clk 0:06:14]} Nb3
{[%clk 0:04:05]} 19. Rd1 {[%clk 0:06:21]} f5 {[%clk 0:03:47]} 20. Qc3
{[%clk 0:05:56]} Bg8 {[%clk 0:02:27]} 21. Ng3 {[%clk 0:03:21]} Qxe3
{[%clk 0:02:27]} 22. Nxf5 {[%clk 0:02:22]} Qxc3 {[%clk 0:01:17]} 23. bxc3
{[%clk 0:02:30]} Bxf4 {[%clk 0:00:41]} 24. Rxf4 {[%clk 0:02:39]} g6
{[%clk 0:00:30]} 25. Nh6 {[%clk 0:02:48]} Bd5 {[%clk 0:00:35]} 26. Ng4
{[%clk 0:02:18]} Re2 {[%clk 0:00:38]} 27. Rf2 {[%clk 0:02:27]} Rxf2
{[%clk 0:00:37]} 28. Kxf2 {[%clk 0:02:35]} Na5 {[%clk 0:00:42]} 29. Ne3
{[%clk 0:01:47]} Nc4 {[%clk 0:00:30]} 30. Nxc4 {[%clk 0:01:11]} Bxc4
{[%clk 0:00:40]} 31. Re1 {[%clk 0:01:20]} Kd7 {[%clk 0:00:47]} 32. Kg3
{[%clk 0:01:25]} c6 {[%clk 0:00:40]} 33. h4 {[%clk 0:01:29]} Bd5 {[%clk 0:00:36]}
34. Bd3 {[%clk 0:01:11]} b5 {[%clk 0:00:43]} 35. Re5 {[%clk 0:01:20]} Kd6
{[%clk 0:00:41]} 36. Be2 {[%clk 0:01:04]} c5 {[%clk 0:00:23]} 37. Bxb5
{[%clk 0:00:56]} cxd4 {[%clk 0:00:32]} 38. cxd4 {[%clk 0:01:01]} Rb8
{[%clk 0:00:29]} 39. a4 {[%clk 0:01:05]} a6 {[%clk 0:00:30]} 40. Re8
{[%clk 0:01:05]} Rb6 {[%clk 0:00:28]} 41. Rd8+ {[%clk 0:01:11]} Ke6
{[%clk 0:00:36]} 42. Be2 {[%clk 0:01:09]} Rb3+ {[%clk 0:00:38]} 43. Kf4
{[%clk 0:01:14]} Bxg2 {[%clk 0:00:24]} 44. Bg4+ {[%clk 0:00:51]} Ke7
{[%clk 0:00:21]} 45. Rd7+ {[%clk 0:01:00]} Kf6 {[%clk 0:00:29]} 46. Rd6+
{[%clk 0:00:59]} Ke7 {[%clk 0:00:19]} 47. Rxa6 {[%clk 0:01:08]} Rd3
{[%clk 0:00:21]} 48. Ra7+ {[%clk 0:00:58]} Kf6 {[%clk 0:00:24]} 49. Rd7
{[%clk 0:00:59]} h6 {[%clk 0:00:25]} 50. Rd6+ {[%clk 0:00:55]} Ke7
{[%clk 0:00:20]} 51. Rxg6 {[%clk 0:01:02]} Rxd4+ 52. Kg3 {[%clk 0:01:05]} Bf1
{[%clk 0:00:23]} 53. a5 {[%clk 0:00:49]} Ra4 {[%clk 0:00:30]} 54. Re6+
{[%clk 0:00:49]} Kf7 {[%clk 0:00:33]} 55. Re5 {[%clk 0:00:56]} Ra3+
{[%clk 0:00:40]} 56. Kf2 {[%clk 0:00:54]} Bc4 {[%clk 0:00:39]} 57. Bc8
{[%clk 0:00:44]} Ra4 {[%clk 0:00:25]} 58. Ke3 {[%clk 0:00:37]} Kf6
{[%clk 0:00:28]} 59. Rc5 {[%clk 0:00:21]} Bf7 {[%clk 0:00:34]} 60. h5
{[%clk 0:00:18]} Rc4 {[%clk 0:00:44]} 61. Rxc4 {[%clk 0:00:22]} Bxc4
{[%clk 0:00:53]} 62. Kd4 {[%clk 0:00:26]} Be2 {[%clk 0:00:57]} 63. Ke3
{[%clk 0:00:18]} Bf1 {[%clk 0:00:47]} 64. Kf4 {[%clk 0:00:18]} Be2
{[%clk 0:00:38]} 65. Bg4 {[%clk 0:00:26]} Ba6 {[%clk 0:00:40]} 66. Ke4
{[%clk 0:00:33]} Bf1 {[%clk 0:00:25]} 67. Kd5 {[%clk 0:00:33]} Ke7
{[%clk 0:00:15]} 68. Kc6 {[%clk 0:00:42]} Kd8 {[%clk 0:00:20]} 69. Kd6
{[%clk 0:00:47]} Bc4 {[%clk 0:00:14]} 70. Bf3 {[%clk 0:00:51]} Kc8
{[%clk 0:00:15]} 71. Ke7 {[%clk 0:01:00]} Kb8 {[%clk 0:00:19]} 72. Kf6
{[%clk 0:00:17]} Ka7 {[%clk 0:00:28]} 73. Kg6 {[%clk 0:00:14]} Ka6
{[%clk 0:00:35]} 74. Kxh6 {[%clk 0:00:20]} Bf7 {[%clk 0:00:44]} 1/2-1/2

[Event "Russian Championship (Rapid, Men)"]
[Site "Sochi"]
[Date "2018.10.05"]
[Round "4.1"]
[White "Artemiev, Vladislav"]
[Black "Paravyan, David"]
[Result "1-0"]
[BlackElo "2630"]
[WhiteElo "2764"]
[LiveChessVersion "1.4.8"]

1. d4 {[%clk 0:15:01]} d5 {[%clk 0:15:19]} 2. c4 {[%clk 0:15:04]} c6
{[%clk 0:15:26]} 3. Nf3 {[%clk 0:14:52]} Nf6 {[%clk 0:15:34]} 4. Qc2
{[%clk 0:14:46]} g6 {[%clk 0:15:42]} 5. cxd5 {[%clk 0:14:43]} cxd5
{[%clk 0:15:49]} 6. Bf4 {[%clk 0:14:52]} Nc6 {[%clk 0:15:51]} 7. e3
{[%clk 0:15:00]} Bg7 {[%clk 0:15:50]} 8. Nc3 {[%clk 0:15:08]} O-O
{[%clk 0:15:44]} 9. Be2 {[%clk 0:15:12]} a6 {[%clk 0:14:20]} 10. O-O
{[%clk 0:14:27]} Nh5 {[%clk 0:14:28]} 11. Bg5 {[%clk 0:14:06]} h6
{[%clk 0:14:36]} 12. Bh4 {[%clk 0:14:14]} g5 {[%clk 0:14:41]} 13. Bg3
{[%clk 0:14:23]} Nxg3 {[%clk 0:14:47]} 14. hxg3 {[%clk 0:14:31]} Qd6
{[%clk 0:13:26]} 15. Rac1 {[%clk 0:14:14]} e5 {[%clk 0:12:24]} 16. dxe5 Nxe5
{[%clk 0:12:32]} 17. Rfd1 {[%clk 0:13:57]} Be6 {[%clk 0:12:40]} 18. Nd4
{[%clk 0:13:19]} Rad8 {[%clk 0:10:47]} 19. Bf3 {[%clk 0:08:08]} Nxf3+
{[%clk 0:09:48]} 20. gxf3 {[%clk 0:08:15]} b5 {[%clk 0:09:27]} 21. Qd3
{[%clk 0:07:31]} Rfe8 {[%clk 0:08:35]} 22. Rc2 {[%clk 0:07:10]} b4
{[%clk 0:06:58]} 23. Nce2 {[%clk 0:07:00]} Rc8 {[%clk 0:07:03]} 24. Rcd2
{[%clk 0:04:59]} Bd7 {[%clk 0:06:57]} 25. Nf5 {[%clk 0:04:51]} Bxf5
{[%clk 0:07:05]} 26. Qxf5 {[%clk 0:04:59]} Qe6 {[%clk 0:06:58]} 27. Qb1
{[%clk 0:04:43]} Rc5 {[%clk 0:06:52]} 28. Nd4 {[%clk 0:04:18]} Bxd4
{[%clk 0:06:52]} 29. Rxd4 {[%clk 0:04:27]} a5 {[%clk 0:06:53]} 30. Qd3
{[%clk 0:04:34]} Rec8 {[%clk 0:06:50]} 31. Rd2 {[%clk 0:03:36]} Kg7
{[%clk 0:05:33]} 32. Kg2 {[%clk 0:03:45]} Rd8 {[%clk 0:04:10]} 33. Rxb4
{[%clk 0:03:42]} axb4 {[%clk 0:03:46]} 34. Qd4+ {[%clk 0:03:51]} Kh7
{[%clk 0:00:15]} 35. Qxc5 {[%clk 0:03:59]} Ra8 {[%clk 0:00:15]} 36. b3
{[%clk 0:03:57]} Rb8 {[%clk 0:00:13]} 37. Rxd5 {[%clk 0:03:58]} g4
{[%clk 0:00:19]} 38. Rd6 {[%clk 0:04:02]} gxf3+ {[%clk 0:00:26]} 39. Kxf3
{[%clk 0:04:10]} Qh3 {[%clk 0:00:26]} 40. Qd5 {[%clk 0:03:34]} Rb7
{[%clk 0:00:14]} 41. Qe4+ {[%clk 0:03:20]} Kg7 {[%clk 0:00:23]} 42. Qd4+
{[%clk 0:03:29]} Kh7 {[%clk 0:00:31]} 43. Rd8 {[%clk 0:03:18]} Qh1+
{[%clk 0:00:12]} 44. Ke2 {[%clk 0:03:25]} Qh5+ {[%clk 0:00:15]} 45. g4
{[%clk 0:03:25]} Qb5+ {[%clk 0:00:24]} 46. Kf3 {[%clk 0:03:01]} Qc6+
{[%clk 0:00:22]} 47. Kg3 {[%clk 0:03:09]} f6 {[%clk 0:00:30]} 48. Rd6
{[%clk 0:03:18]} Qh1 {[%clk 0:00:36]} 49. Qxf6 {[%clk 0:03:07]} 1-0

[Event "Russian Championship (Rapid, Men)"]
[Site "Sochi"]
[Date "2018.10.05"]
[Round "4.2"]
[White "Savchenko, Boris"]
[Black "Sjugirov, Sanan"]
[Result "1-0"]
[BlackElo "2735"]
[WhiteElo "2652"]
[LiveChessVersion "1.4.8"]

1. e4 {[%clk 0:15:15]} e5 {[%clk 0:15:04]} 2. f4 {[%clk 0:15:22]} d5
{[%clk 0:14:59]} 3. exd5 {[%clk 0:15:28]} exf4 {[%clk 0:15:06]} 4. Nf3
{[%clk 0:15:32]} Nf6 {[%clk 0:15:11]} 5. Bb5+ {[%clk 0:15:39]} c6
{[%clk 0:13:27]} 6. dxc6 {[%clk 0:15:45]} Nxc6 {[%clk 0:13:25]} 7. d4
{[%clk 0:15:25]} Bd6 {[%clk 0:13:14]} 8. O-O {[%clk 0:14:14]} O-O
{[%clk 0:13:18]} 9. c3 {[%clk 0:14:06]} Ne7 {[%clk 0:12:00]} 10. Nbd2
{[%clk 0:12:45]} Ned5 {[%clk 0:10:36]} 11. Nc4 {[%clk 0:12:23]} Bc7
{[%clk 0:10:42]} 12. Nce5 {[%clk 0:12:22]} Ng4 {[%clk 0:10:05]} 13. Nxg4
{[%clk 0:08:59]} Bxg4 {[%clk 0:10:11]} 14. Re1 {[%clk 0:09:06]} Qf6
{[%clk 0:05:19]} 15. h3 {[%clk 0:08:25]} Bh5 {[%clk 0:05:14]} 16. Qe2
{[%clk 0:08:28]} a6 {[%clk 0:03:34]} 17. Bd3 {[%clk 0:08:10]} Rad8
{[%clk 0:02:19]} 18. Bd2 {[%clk 0:08:05]} Bg6 {[%clk 0:00:46]} 19. Bxg6
{[%clk 0:05:55]} Qxg6 {[%clk 0:00:54]} 20. Qe4 {[%clk 0:04:35]} Qxe4
{[%clk 0:00:42]} 21. Rxe4 {[%clk 0:04:42]} Rfe8 {[%clk 0:00:42]} 22. Rae1
{[%clk 0:04:25]} Rxe4 {[%clk 0:00:50]} 23. Rxe4 {[%clk 0:04:33]} b5
{[%clk 0:00:51]} 24. b3 {[%clk 0:04:36]} h6 {[%clk 0:00:14]} 25. c4
{[%clk 0:04:26]} bxc4 {[%clk 0:00:23]} 26. bxc4 {[%clk 0:04:34]} Nf6
{[%clk 0:00:15]} 27. Re7 {[%clk 0:04:34]} Bb6 {[%clk 0:00:18]} 28. Kf1
{[%clk 0:03:37]} Kf8 {[%clk 0:00:11]} 29. Rb7 {[%clk 0:02:11]} Bxd4
{[%clk 0:00:19]} 30. Ba5 {[%clk 0:00:34]} Rc8 {[%clk 0:00:28]} 31. Nxd4
{[%clk 0:00:42]} Rxc4 {[%clk 0:00:37]} 32. Rb8+ {[%clk 0:00:22]} Ke7
{[%clk 0:00:47]} 33. Bd8+ {[%clk 0:00:29]} Kd7 {[%clk 0:00:52]} 34. Bxf6
{[%clk 0:00:36]} gxf6 {[%clk 0:00:57]} 35. Ne2 {[%clk 0:00:18]} Rc2
{[%clk 0:00:51]} 36. a3 {[%clk 0:00:21]} f3 {[%clk 0:00:55]} 37. gxf3
{[%clk 0:00:28]} 1-0

[Event "Russian Championship (Rapid, Men)"]
[Site "Sochi"]
[Date "2018.10.05"]
[Round "4.3"]
[White "Antipov, Mikhail Al."]
[Black "Ponkratov, Pavel"]
[Result "1-0"]
[BlackElo "2708"]
[WhiteElo "2642"]
[LiveChessVersion "1.4.8"]

1. e4 {[%clk 0:15:19]} e6 {[%clk 0:15:18]} 2. d4 {[%clk 0:15:28]} d5
{[%clk 0:15:27]} 3. Nd2 {[%clk 0:15:25]} b6 {[%clk 0:15:25]} 4. Ngf3
{[%clk 0:14:38]} Nf6 {[%clk 0:15:23]} 5. exd5 {[%clk 0:14:09]} Qxd5
{[%clk 0:15:16]} 6. Bc4 {[%clk 0:14:01]} Qd8 {[%clk 0:15:08]} 7. Qe2
{[%clk 0:13:29]} Be7 {[%clk 0:14:58]} 8. Ne5 {[%clk 0:12:34]} O-O
{[%clk 0:14:43]} 9. Ndf3 {[%clk 0:12:39]} Bb7 {[%clk 0:14:11]} 10. O-O
{[%clk 0:12:45]} Nd5 {[%clk 0:13:10]} 11. Re1 {[%clk 0:12:30]} Nd7
{[%clk 0:13:09]} 12. Bd2 {[%clk 0:10:40]} c5 {[%clk 0:13:13]} 13. dxc5
{[%clk 0:10:26]} Nxe5 {[%clk 0:13:12]} 14. Nxe5 {[%clk 0:10:28]} Bxc5
{[%clk 0:13:19]} 15. Rad1 {[%clk 0:10:35]} Qh4 {[%clk 0:11:39]} 16. g3
{[%clk 0:05:53]} Qh3 {[%clk 0:10:23]} 17. Qf3 {[%clk 0:03:33]} g6
{[%clk 0:03:53]} 18. Nd7 {[%clk 0:02:41]} Ne3 {[%clk 0:02:21]} 19. Nf6+
{[%clk 0:01:07]} Kg7 {[%clk 0:02:27]} 20. Qxb7 {[%clk 0:01:15]} Nxd1
{[%clk 0:02:17]} 21. Rxd1 {[%clk 0:01:12]} Kxf6 {[%clk 0:02:24]} 22. Bc3+
{[%clk 0:00:18]} e5 {[%clk 0:02:26]} 23. Qc6+ {[%clk 0:00:26]} Kg7
{[%clk 0:02:24]} 24. Bxe5+ {[%clk 0:00:35]} f6 {[%clk 0:02:33]} 25. Rd7+
{[%clk 0:00:43]} Kh6 {[%clk 0:02:42]} 26. Bf4+ {[%clk 0:00:29]} g5
{[%clk 0:02:51]} 27. Bd3 {[%clk 0:00:29]} Bxf2+ {[%clk 0:03:00]} 28. Kxf2
{[%clk 0:00:37]} Qxh2+ {[%clk 0:03:06]} 29. Kf1 {[%clk 0:00:46]} 1-0

[Event "Russian Championship (Rapid, Men)"]
[Site "Sochi"]
[Date "2018.10.05"]
[Round "4.4"]
[White "Dubov, Daniil"]
[Black "Demchenko, Anton"]
[Result "1-0"]
[BlackElo "2620"]
[WhiteElo "2697"]
[LiveChessVersion "1.4.8"]

1. Nf3 {[%clk 0:15:18]} Nf6 {[%clk 0:15:17]} 2. g3 {[%clk 0:15:27]} g6
{[%clk 0:15:25]} 3. b3 {[%clk 0:15:35]} Bg7 {[%clk 0:15:16]} 4. Bb2
{[%clk 0:15:44]} d6 {[%clk 0:15:24]} 5. d4 {[%clk 0:15:53]} b5 {[%clk 0:15:33]}
6. Bg2 {[%clk 0:15:42]} Bb7 {[%clk 0:15:41]} 7. O-O {[%clk 0:15:49]} O-O
{[%clk 0:14:58]} 8. Na3 {[%clk 0:15:59]} Qd7 {[%clk 0:14:50]} 9. c4
{[%clk 0:16:05]} bxc4 {[%clk 0:14:58]} 10. Nxc4 {[%clk 0:16:08]} a5
{[%clk 0:15:06]} 11. Rc1 {[%clk 0:15:49]} Qb5 {[%clk 0:15:13]} 12. a4
{[%clk 0:14:52]} Qa6 {[%clk 0:15:21]} 13. Bc3 {[%clk 0:13:20]} Nc6
{[%clk 0:12:06]} 14. Ne3 {[%clk 0:12:49]} d5 {[%clk 0:10:15]} 15. Ne5
{[%clk 0:12:27]} e6 {[%clk 0:10:11]} 16. Nd3 {[%clk 0:10:59]} Nd7
{[%clk 0:09:55]} 17. Nc2 {[%clk 0:11:01]} Qb6 {[%clk 0:08:49]} 18. e3
{[%clk 0:11:10]} Ba6 {[%clk 0:08:46]} 19. Rb1 {[%clk 0:11:07]} Rfc8
{[%clk 0:08:19]} 20. Re1 {[%clk 0:10:25]} Bf8 {[%clk 0:08:13]} 21. e4
{[%clk 0:09:59]} Nf6 {[%clk 0:05:49]} 22. exd5 {[%clk 0:08:11]} Nxd5
{[%clk 0:05:54]} 23. Bxd5 {[%clk 0:08:19]} exd5 {[%clk 0:06:02]} 24. Nf4
{[%clk 0:08:28]} Rd8 {[%clk 0:03:48]} 25. Qf3 {[%clk 0:08:12]} Bb7
{[%clk 0:03:17]} 26. Rbd1 {[%clk 0:07:32]} Ne7 {[%clk 0:02:42]} 27. Ne3
{[%clk 0:07:01]} Kg7 {[%clk 0:01:27]} 28. Bb2 {[%clk 0:06:22]} Qxb3
{[%clk 0:01:01]} 29. Nf5+ {[%clk 0:06:30]} 1-0

[Event "Russian Championship (Rapid, Men)"]
[Site "Sochi"]
[Date "2018.10.05"]
[Round "4.5"]
[White "Yuffa, Daniil"]
[Black "Oparin, Grigoriy"]
[Result "1/2-1/2"]
[BlackElo "2671"]
[WhiteElo "2625"]
[LiveChessVersion "1.4.8"]

1. d4 {[%clk 0:15:18]} Nf6 {[%clk 0:15:19]} 2. c4 {[%clk 0:15:24]} e6
{[%clk 0:15:27]} 3. g3 {[%clk 0:15:33]} d5 {[%clk 0:15:35]} 4. Bg2
{[%clk 0:15:41]} dxc4 {[%clk 0:15:31]} 5. Nf3 {[%clk 0:15:49]} a6
{[%clk 0:15:14]} 6. O-O {[%clk 0:15:53]} Nc6 {[%clk 0:15:22]} 7. Bg5
{[%clk 0:15:55]} Be7 {[%clk 0:15:03]} 8. e3 {[%clk 0:16:00]} O-O {[%clk 0:15:11]}
9. Nbd2 {[%clk 0:14:30]} e5 {[%clk 0:15:18]} 10. Nxc4 {[%clk 0:14:39]} exd4
{[%clk 0:15:20]} 11. Nxd4 {[%clk 0:14:40]} Nxd4 {[%clk 0:15:22]} 12. Qxd4
{[%clk 0:13:25]} Qxd4 {[%clk 0:13:52]} 13. exd4 {[%clk 0:13:33]} h6
{[%clk 0:14:00]} 14. Bf4 {[%clk 0:13:21]} Be6 {[%clk 0:14:08]} 15. Rfe1
{[%clk 0:12:27]} c6 {[%clk 0:11:45]} 16. Na5 {[%clk 0:09:54]} Bb4
{[%clk 0:11:50]} 17. Rxe6 {[%clk 0:09:32]} fxe6 {[%clk 0:11:58]} 18. Nxb7
{[%clk 0:09:41]} Nd5 {[%clk 0:11:58]} 19. Be5 {[%clk 0:09:49]} Rf7
{[%clk 0:06:24]} 20. Nd6 {[%clk 0:09:26]} Bxd6 {[%clk 0:06:29]} 21. Bxd6
{[%clk 0:09:34]} Rd7 {[%clk 0:06:12]} 22. Be5 {[%clk 0:08:40]} a5
{[%clk 0:06:04]} 23. Rc1 {[%clk 0:08:02]} Ra6 {[%clk 0:05:44]} 24. b3
{[%clk 0:06:36]} Kf7 25. Bf1 {[%clk 0:05:48]} Rb6 {[%clk 0:05:26]} 26. Bc4
{[%clk 0:05:46]} Nb4 27. Rc3 {[%clk 0:05:55]} Nd5 {[%clk 0:04:28]} 28. Rf3+ Kg8
29. Kg2 {[%clk 0:04:25]} Rb4 {[%clk 0:03:53]} 30. a3 {[%clk 0:04:13]} Rbb7
{[%clk 0:03:53]} 31. Rd3 {[%clk 0:03:56]} Rd8 {[%clk 0:03:37]} 32. Kf3
{[%clk 0:03:26]} Rf7+ {[%clk 0:02:56]} 33. Ke2 {[%clk 0:03:33]} Rdf8
{[%clk 0:03:05]} 34. f3 {[%clk 0:02:38]} g5 {[%clk 0:02:53]} 35. Bd6
{[%clk 0:02:36]} Rd8 {[%clk 0:02:58]} 36. Be5 {[%clk 0:02:45]} h5
{[%clk 0:02:30]} 37. Kf2 {[%clk 0:02:15]} Kf8 {[%clk 0:02:16]} 38. Rd2
{[%clk 0:01:31]} Ke7 {[%clk 0:01:50]} 39. Bd3 {[%clk 0:00:43]} Rdf8
{[%clk 0:01:58]} 40. Be4 {[%clk 0:00:36]} Kd7 {[%clk 0:01:20]} 41. Rc2
{[%clk 0:00:33]} h4 {[%clk 0:01:20]} 42. Rc5 hxg3+ 43. hxg3 {[%clk 0:00:37]} Ra8
{[%clk 0:01:29]} 44. Rc1 {[%clk 0:00:32]} Raf8 45. Rc5 Ra8 {[%clk 0:01:01]} 46.
Rc1 {[%clk 0:00:24]} Raf8 47. Rc5 1/2-1/2